00800 2200301 4500001002100000005001500021035002000036007000300056040001700059100002700076245002600103250001200129300004600141020002200187041000800209082001000217090002200227264004300249336002100292337003000313338002300343630004100366650001000407850001000417008004100427990001500468990001500483INLIS00000000000535620260514025446 a0010-0222000446ta aSBPUPADbind0 aNur HidayatePengarang1 aSerasa Berihram Terus a.-cet.1 aviii,259 hal. :billus. ;c13,5 x 20,5 cm a978-979-1102-61-20 aind a297.3 a297.221 DED b 2 8 a.--Jakarta Selatan :bRepublika,c2009 2rdacontentaTeks 2rdamediaaTanpa Perantara 2rdacarrieraVolume aKumpulan Hadis Pilihan Penuntun Anak 4aIslam aPUPAD260514 0  a770/B/2013 a771/B/2013